Sportif et Sportive Français à Sport - Statistiques

Statistiques générales
  • Ce quiz a été pris 784 fois
  • Le résultat moyen est 11 sur 21
Statistiques - réponses
Hint Réponse % Correct
Victor Wembanyama Basket
91%
Eugénie Le Sommer Football
88%
Martin Fourcade Biathlon
87%
Esteban Ocon Formule 1
86%
David Douillet Judo
75%
Alexis Pinturault Ski
73%
Earvin Ngapeth Volley
71%
Laura Flessel Escrime
67%
Alain Bernard Natation
65%
Serge Blanco Rugby
57%
Stéphane Diagana Athlétisme
54%
Florence Arthaud Voile
53%
Estelle Mossely Boxe
52%
Paul-Henri Mathieu Tennis
42%
Emilie Le Pennec Gymnastique
31%
Jean-Philippe Gatien Tennis de Table
30%
Victor Dubuisson Golf
27%
Tamara Horacek Handball
26%
Cristobal Huet Hockey sur Glace
24%
Karine Ruby Snowboard
22%
Thomas Vernoux Water-Polo
19%
Aucun quiz correspondant
Distribution des résultats
% des personnes avec chaque résultat
Percentile par nombre de réponses
Votre historique - résultats
Vous n’avez pas pris ce quiz